Conflicts of interest in secured lending valuations (Record no. 107720)

MARC details
000 -LEADER
fixed length control field 01264cad a22002175a 4500
001 - CONTROL NUMBER
control field L141644
005 - DATE AND TIME OF LATEST TRANSACTION
control field 20250909131040.0
008 - FIXED-LENGTH DATA ELEMENTS--GENERAL INFORMATION
fixed length control field 071207s2007 xxk f 000 0 eng d
035 ## - SYSTEM CONTROL NUMBER
System control number (Sirsi) u141644
041 0# - LANGUAGE CODE
Language code of text/sound track or separate title eng
050 04 - LIBRARY OF CONGRESS CALL NUMBER
Classification number 333.0062 $2 18
110 2# - MAIN ENTRY--CORPORATE NAME
Corporate name or jurisdiction name as entry element Royal Institution of Chartered Surveyors
9 (RLIN) 4900
245 00 - TITLE STATEMENT
Title Conflicts of interest in secured lending valuations
Remainder of title a consultation paper
260 ## - PUBLICATION, DISTRIBUTION, ETC.
Place of publication, distribution, etc. London
Name of publisher, distributor, etc. RICS
Date of publication, distribution, etc. 2007
520 ## - SUMMARY, ETC.
Summary, etc. This consultation seeks feedback from RICS members on the proposed updated guidance to valuers worldwide on handling conflicts of interest. Aims to review whether RICS standards support sufficient objectivity and independence in valuations for loan security and maintain public confidence. Notes there is some anecdotal evidence to show that there is a considerable degree of inconsistency among lenders and valuers in how they comply with the Red Book rules. Includes some key questions to help direct your comments. Consultation responses are required by 24 February 2008.
590 ## - LOCAL NOTE (RLIN)
Local note KA
651 #4 - SUBJECT ADDED ENTRY--GEOGRAPHIC NAME
Geographic name International
690 ## - LOCAL SUBJECT ADDED ENTRY--TOPICAL TERM (OCLC, RLIN)
Topical term or geographic name as entry element ABOUT RICS-RICS PROFESSIONAL REGULATION AND CONSUMER PROTECTION-RICS RULES OF CONDUCT
690 ## - LOCAL SUBJECT ADDED ENTRY--TOPICAL TERM (OCLC, RLIN)
Topical term or geographic name as entry element MANAGEMENT-BUSINESS MANAGEMENT-PROFESSIONAL PRACTICE
942 ## - ADDED ENTRY ELEMENTS (KOHA)
Suppress in OPAC 0
Source of classification or shelving scheme Dewey Decimal Classification
Holdings
Withdrawn status Lost status Damaged status Not for loan Home library Current library Shelving location Date acquired Total Checkouts Full call number Date last seen Copy number Price effective from Koha item type Public note
        Virtual Virtual Online 07/12/2007   SCAN 09/09/2025 1 06/08/2019 Online material Please contact [email protected] to request a digital copy (fees apply for non-members)